[Event "Oberbayerische Jugend-EM 2014/15  U14"]
[Site "Riedenburg"]
[Date "2015.02.20"]
[Round "5"]
[White "Hashagen, Tim"]
[Black "Karaman, Engin Deniz"]
[Result "1-0"]
[BlackElo "1380"]
[WhiteElo "1353"]

1.e4 c5 2.Nf3 d6 3.d4 cxd4 4.Nxd4 Nf6 5.Nc3 e6 6.Be3 a6 7.Qd2 Ng4 8.Bg5 f6 9.Bh4 Nc6
10.h3 Nge5 11.f4 Ng6 12.Bg3 Qb6 13.Nb3 Be7 14.O-O-O O-O 15.h4 Nh8 16.Bf2 Qc7 17.Bd3
Nb4 18.f5 Nxd3+ 19.Qxd3 Nf7 20.Nd4 Ne5 21.Qg3 Re8 22.fxe6 h5 23.Nd5 Qa5 24.Nf5 Ng4
25.Ndxe7+ Kh7 26.Nxc8 Rexc8 27.Nxd6 Rc7 28.Rd5 Rxc2+ 29.Kxc2 Qc7+ 30.Rc5 Qe7 31.Rxh5+
Nh6 32.Nf5 Rc8+ 33.Kb1 Qf8 34.Rd1 Qh8 35.Be3   1-0

[Event "Oberbayerische Jugend-EM 2014/15  U14"]
[Site "Riedenburg"]
[Date "2015.02.20"]
[Round "5"]
[White "Erdösi, Niko"]
[Black "von Freymann, Franz"]
[Result "1/2-1/2"]
[BlackElo "1219"]
[WhiteElo "1302"]

1.e4 c5 2.f4 d6 3.Nf3 Nc6 4.Nc3 g6 5.Bc4 Bg7 6.d3 Bg4 7.O-O Nd4 8.Bxf7+ Kf8 9.Bc4
Nxf3+ 10.gxf3 Bh3 11.Re1 Bd4+ 12.Be3 e5 13.Qd2 exf4 14.Bxd4 Qg5+ 15.Kh1 cxd4 16.Nd5
Qh5 17.Qxf4+ Kg7 18.Rg1 Rf8 19.Rg5 Rxf4 20.Rxh5 Rxf3 21.Rg5 Nf6 22.Nxf6 Kxf6 23.Rd5
Rf8 24.Rc1 Ke7 25.Rg5 Rf2 26.Bb3 R8f3 27.Rg3 Re3 28.Ba4 a6 29.Bb3 b5 30.a4   1/2-1/2

[Event "Oberbayerische Jugend-EM 2014/15  U14"]
[Site "Riedenburg"]
[Date "2015.02.20"]
[Round "5"]
[White "Feicht, Franz"]
[Black "Feicht, Florian"]
[Result "1/2-1/2"]
[BlackElo "1492"]
[WhiteElo "1408"]

1.e4 e5 2.Nf3 Nf6 3.Nc3 Nc6 4.Bc4 Bc5 5.d3 h6 6.Bd2 d6 7.h3 Be6 8.Bb5 Bd7 9.Qe2 Nd4
10.Nxd4 Bxd4 11.Bxd7+ Qxd7 12.O-O O-O 13.Qe1 c6 14.Be3 Bb6 15.Bxb6 axb6 16.a3 Nh7
17.f4 f6 18.fxe5 fxe5 19.Rf2 Nf6   1/2-1/2

[Event "Oberbayerische Jugend-EM 2014/15  U14"]
[Site "Riedenburg"]
[Date "2015.02.20"]
[Round "5"]
[White "Schneider, Paul"]
[Black "Speter, Ivan"]
[Result "1/2-1/2"]
[BlackElo "1135"]
[WhiteElo "1288"]

1.e4 e5 2.Nf3 Nc6 3.d4 d5 4.dxe5 dxe4 5.Qxd8+ Kxd8 6.Nfd2 Nxe5 7.Nxe4 Bf5 8.Nbc3 Bb4
9.Bd3 Nxd3+ 10.cxd3 Ne7 11.a3 Ba5 12.b4 Bb6 13.Be3 Nc6 14.O-O-O Ke7 15.Nd5+ Kf8 16.Ng3
Be6 17.Nxb6 axb6 18.Kb2 g6 19.Rd2 Kg7 20.d4 Rhd8 21.h4 h5 22.Bf4 Rxd4 23.Be5+ Nxe5
24.Rxd4 c5 25.Rdd1   1/2-1/2

[Event "Oberbayerische Jugend-EM 2014/15  U14"]
[Site "Riedenburg"]
[Date "2015.02.20"]
[Round "5"]
[White "Oelmaier, Manuel"]
[Black "Kleine, Jakob"]
[Result "0-1"]
[Annotator "Spieler traten mit vertauschten Farben an."]
[BlackElo "1380"]
[WhiteElo "1058"]

1.e4 e5 2.Nf3 Nc6 3.Bc4 Bc5 4.Nc3 Nf6 5.d3 h6 6.Be3 Bb6 7.d4 exd4 8.Nxd4 Nxd4 9.Bxd4
O-O 10.O-O d6 11.Re1 Be6 12.Bxe6 fxe6 13.e5 dxe5 14.Bxb6 axb6 15.Rxe5 Re8 16.Qe2
Qd6 17.Re1 Qb4 18.Qb5 Qf4 19.Nd5 Nxd5 20.Rxd5 c6   0-1

[Event "Oberbayerische Jugend-EM 2014/15  U14"]
[Site "Riedenburg"]
[Date "2015.02.21"]
[Round "6"]
[White "Yaroshenko, Yaroslav"]
[Black "Hashagen, Tim"]
[Result "1/2-1/2"]
[BlackElo "1353"]
[WhiteElo "1419"]

1.d4 d5 2.c4 c6 3.Nf3 Nf6 4.Bf4 dxc4 5.e3 b5 6.Nc3 e6 7.a4 b4 8.Nb1 Ba6 9.Ne5 Nd5
10.Bg3 c5 11.Bxc4 f6 12.Bxa6 Nxa6 13.Nc4 Nb6 14.Nxb6 Qxb6 15.dxc5 Nxc5 16.O-O Rd8
17.Qc2 Be7 18.Rd1 O-O 19.Nd2 b3 20.Qc4 Rd3 21.Nf3 Rfd8   1/2-1/2

[Event "Oberbayerische Jugend-EM 2014/15  U14"]
[Site "Riedenburg"]
[Date "2015.02.21"]
[Round "6"]
[White "Ott, Josef Sebastian"]
[Black "Wachtel, Arthur"]
[Result "1-0"]
[BlackElo "1489"]
[WhiteElo "1742"]

1.e4 e6 2.d4 d5 3.Nc3 Nc6 4.e5 Nge7 5.Nf3 Ng6 6.Ne2 Be7 7.c3 Bd7 8.Nf4 Nxf4 9.Bxf4
O-O 10.Bd3 a6 11.O-O Na7 12.Re1 Bb5 13.Bb1 Re8 14.Qc2 g6 15.Bh6 Bf8 16.Qd2 Bg7 17.h3
Qe7 18.Nh2 Qf8 19.Bxg7 Qxg7 20.Ng4 Rf8 21.Nf6+ Kh8 22.h4 h5 23.Qg5 Nc8 24.Re3   1-0

[Event "Oberbayerische Jugend-EM 2014/15  U14"]
[Site "Riedenburg"]
[Date "2015.02.21"]
[Round "6"]
[White "Schnegelberg, Christian"]
[Black "von Freymann, Franz"]
[Result "1-0"]
[BlackElo "1219"]
[WhiteElo "1213"]

1.d4 d5 2.c4 e6 3.Nc3 Nf6 4.Bf4 c6 5.Nf3 Nbd7 6.e3 Qa5 7.a3 Be7 8.Bd3 O-O 9.O-O b6
10.b4 Qa6 11.cxd5 Qb7 12.d6 Bd8 13.Ne4 Nxe4 14.Bxe4 Nf6 15.Bd3 Nd5 16.Bg3 Nf6 17.Qe2
b5 18.Qc2 Bd7 19.e4 g6 20.Qd2 Kg7 21.Bf4 Re8 22.Be5 Kg8 23.Qh6 a5 24.Ng5 axb4 25.Bxf6
  1-0

[Event "Oberbayerische Jugend-EM 2014/15  U14"]
[Site "Riedenburg"]
[Date "2015.02.21"]
[Round "6"]
[White "Kleine, Jakob"]
[Black "Erdösi, Niko"]
[Result "1-0"]
[BlackElo "1302"]
[WhiteElo "1380"]

1.e4 e5 2.Nf3 Nc6 3.d4 f5 4.Nxe5 Nxe5 5.dxe5 Qe7 6.Qd4 fxe4 7.Qxe4 d6 8.Bb5+ Kd8 9.O-O
Qxe5 10.Bg5+ Be7 11.Qxe5 dxe5 12.Rd1+ Bd7 13.Rxd7+ Kc8 14.Bxe7 Nxe7 15.Rxe7 c6 16.Bd3
  1-0

[Event "Oberbayerische Jugend-EM 2014/15  U14"]
[Site "Riedenburg"]
[Date "2015.02.21"]
[Round "6"]
[White "Feicht, Florian"]
[Black "Schneider, Paul"]
[Result "1/2-1/2"]
[BlackElo "1288"]
[WhiteElo "1492"]

1.e4 e5 2.Nf3 Nc6 3.Bc4 Nf6 4.Nc3 Bb4 5.d3 d6 6.h3 h6 7.Bd2 Be6 8.Bb5 a6 9.Ba4 b5
10.Bb3 Na5 11.Bxe6 fxe6 12.a3 Bxc3 13.Bxc3 c5 14.Qd2 Nc6 15.b4 Qb6 16.O-O O-O 17.Qe2
cxb4 18.axb4 a5 19.bxa5 Nxa5 20.Rfb1 Nc6   1/2-1/2

[Event "Oberbayerische Jugend-EM 2014/15  U14"]
[Site "Riedenburg"]
[Date "2015.02.21"]
[Round "6"]
[White "Karaman, Engin Deniz"]
[Black "Feicht, Franz"]
[Result "1/2-1/2"]
[BlackElo "1408"]
[WhiteElo "1380"]

1.e4 e5 2.Nf3 Nc6 3.Bc4 Bc5 4.c3 Nf6 5.d4 exd4 6.cxd4 Bb4+ 7.Nc3 Bxc3+ 8.bxc3 Nxe4
9.Qe2 Qe7 10.Ng5 Nxg5 11.Qxe7+ Nxe7 12.Bxg5 f6 13.Bf4 d5 14.Bd3 c6 15.Bd6 O-O 16.O-O
Re8 17.Rfe1 Kf7 18.Re2 Nf5 19.Rxe8 Kxe8 20.Re1+ Kf7 21.Bc5 b6 22.Ba3 Bd7 23.c4 Re8
24.Rc1 dxc4 25.Bxc4+ Be6 26.Bd3 Nxd4 27.Bb2 Rd8 28.Kf1 c5 29.a3 Nc6 30.Bb5 Rd6 31.Re1
Nd4 32.Bd3 c4 33.Be4 f5 34.Bb1 Nb3 35.Kg1 Rc6 36.Bc3 Rd6 37.h3 b5 38.Re3 Rd1+ 39.Re1
Rxe1+ 40.Bxe1 Ke7 41.Bb4+ Kd7 42.f3 g6 43.Kf2 Ke8   1/2-1/2

[Event "Oberbayerische Jugend-EM 2014/15  U14"]
[Site "Riedenburg"]
[Date "2015.02.21"]
[Round "6"]
[White "Speter, Ivan"]
[Black "Oelmaier, Manuel"]
[Result "1-0"]
[BlackElo "1058"]
[WhiteElo "1135"]

1.d4 d5 2.Nf3 Nf6 3.g3 Nc6 4.Bg2 Bf5 5.O-O Qd7 6.c4 dxc4 7.Qa4 O-O-O 8.Qb5 Bh3 9.Ne5
Qe6 10.Nxc6 bxc6 11.Bxc6 Qxc6 12.Qxc6 Bxf1 13.Kxf1 Rxd4 14.Qa8+ Kd7 15.Nc3 g6 16.Qxa7
  1-0

[Event "Oberbayerische Jugend-EM 2014/15  U14"]
[Site "Riedenburg"]
[Date "2015.02.21"]
[Round "7"]
[White "Kleine, Jakob"]
[Black "Ott, Josef Sebastian"]
[Result "0-1"]
[BlackElo "1742"]
[WhiteElo "1380"]

1.e4 c5 2.Nf3 d6 3.c3 Nf6 4.Bc4 Bg4 5.Qb3 d5 6.Qxb7 dxc4 7.e5 Qd5 8.Qc7 Ng8 9.h3 Bxf3
10.gxf3 Qc6 11.Qxc6+ Nxc6 12.f4 f6 13.Na3 fxe5 14.Nxc4 exf4 15.d3 g5 16.h4 gxh4 17.Bxf4
Nf6 18.Rxh4 Rd8 19.O-O-O h5 20.Ne5 Nxe5 21.Bxe5 Rd5 22.Re1 Kf7 23.d4 cxd4 24.Bxd4
a6 25.Re5 Bh6+ 26.Kd1 Rxe5 27.Bxe5 Bg5 28.Rh1 Rd8+ 29.Ke1 Kg6 30.f4 Bh6 31.Rg1+ Kf5
32.Rh1 Bxf4 33.Bxf6 exf6 34.Rxh5+ Bg5 35.Rh7 Rd2 36.Rb7 Kg4 37.Rb6 f5 38.Rxa6 Rxb2
39.a4 Bd2+ 40.Kf1 Kf3 41.Kg1 Rb1+ 42.Kh2 Bf4+ 43.Kh3 Rh1#   0-1

[Event "Oberbayerische Jugend-EM 2014/15  U14"]
[Site "Riedenburg"]
[Date "2015.02.21"]
[Round "7"]
[White "Hashagen, Tim"]
[Black "Schnegelberg, Christian"]
[Result "1/2-1/2"]
[BlackElo "1213"]
[WhiteElo "1353"]

1.e4 c5 2.Nf3 d6 3.d4 cxd4 4.Nxd4 Nf6 5.Nc3 g6 6.Be3 Bg7 7.f3 O-O 8.Qd2 Re8 9.O-O-O
Nc6 10.g4 Bd7 11.Bc4 Ne5 12.Bb3 Rc8 13.Bh6 Bh8 14.h4 Qb6 15.h5 Rc4 16.hxg6 fxg6 17.Qe2
Rec8 18.Bxc4+ Nxc4 19.Nb3 a5 20.g5 Nh5 21.Nd5 Bxb2+ 22.Kb1 Qd8 23.Nxa5 Ng3 24.Nxb7
Nxe2 25.Nxd8 Rxd8 26.Rd3   1/2-1/2

[Event "Oberbayerische Jugend-EM 2014/15  U14"]
[Site "Riedenburg"]
[Date "2015.02.21"]
[Round "7"]
[White "Feicht, Franz"]
[Black "Yaroshenko, Yaroslav"]
[Result "1/2-1/2"]
[BlackElo "1419"]
[WhiteElo "1408"]

1.e4 e5 2.Nf3 Nc6 3.Bc4 Be7 4.d3 Nf6 5.Nc3 d6 6.h3 O-O 7.Be3 Na5 8.Bb3 Nxb3 9.axb3
Be6 10.O-O Nd7 11.d4 exd4 12.Qxd4 Bf6 13.Qd2 a6 14.Rfe1 Ne5 15.Nxe5 Bxe5 16.Rad1
f5 17.Bd4 Bxd4 18.Qxd4 f4 19.f3 Qg5 20.Kf1 Rf6 21.Rd2 Rg6 22.Rde2 Qg3 23.Qg1 Bxh3
24.Rf2 Be6 25.Ne2 Qg5 26.Nd4 Bd7 27.Rfe2 c5 28.Nf5 Bxf5 29.exf5 Qxf5 30.Qf2 Rh6 31.Qg1
Rh4 32.g4 fxg3 33.Qxg3 Qh3+ 34.Qxh3 Rxh3 35.Kg2 Rh6 36.Re7 b5 37.Rd7 Rg6+ 38.Kf2
Rf6 39.Ree7 Rg6 40.Ra7 Rxa7 41.Rxa7 d5 42.Rd7 c4 43.b4 Rf6 44.Rxd5 h6 45.Kg3 g5 46.Kg4
Kg7 47.Rd7+ Kg6 48.Rd4 Re6 49.c3 h5+ 50.Kg3 Kf5 51.Rd5+   1/2-1/2

[Event "Oberbayerische Jugend-EM 2014/15  U14"]
[Site "Riedenburg"]
[Date "2015.02.21"]
[Round "7"]
[White "Wachtel, Arthur"]
[Black "Feicht, Florian"]
[Result "1/2-1/2"]
[BlackElo "1492"]
[WhiteElo "1489"]

1.e4 e5 2.Nf3 Nf6 3.Nxe5 d6 4.Nf3 Nxe4 5.Nc3 Nf6 6.Bc4 Be7 7.d3 Bg4 8.Be3 c6 9.d4
d5 10.Bd3 Nbd7 11.h3 Bh5 12.Qd2 Rc8 13.Be2 Bb4 14.Bd3 Qe7 15.a3 Ba5 16.b4 Bb6 17.Be2
Bg6 18.O-O O-O 19.Rfe1 Rfe8 20.Bf4 Qd8 21.Bd3 Bh5 22.Be2 Bg6 23.Bd3 Bh5   1/2-1/2

[Event "Oberbayerische Jugend-EM 2014/15  U14"]
[Site "Riedenburg"]
[Date "2012.02.21"]
[Round "7"]
[White "Schneider, Paul"]
[Black "Karaman, Engin Deniz"]
[Result "1/2-1/2"]
[BlackElo "1380"]
[WhiteElo "1288"]

1.e4 c5 2.Nf3 d6 3.Nc3 e6 4.d4 cxd4 5.Qxd4 Nc6 6.Qd1 a6 7.Bc4 b5 8.Bb3 Nf6 9.Bg5 Be7
10.O-O O-O 11.Qd3 Qc7 12.a4 b4 13.Na2 Bb7 14.c3 h6 15.Bh4 bxc3 16.bxc3 Na5 17.Bc2
Nxe4 18.Nd2 Bxh4 19.Nxe4 Rfd8 20.Nxd6 Rxd6 21.Qh7+ Kf8 22.Qh8+ Ke7 23.Qxg7 Bg5 24.Bg6
Rf8 25.f4 Qc6 26.Rf2 Bxf4 27.Re1 Qb6 28.Kf1 Rd2 29.Ree2   1/2-1/2

[Event "Oberbayerische Jugend-EM 2014/15  U14"]
[Site "Riedenburg"]
[Date "2015.02.21"]
[Round "7"]
[White "von Freymann, Franz"]
[Black "Speter, Ivan"]
[Result "1-0"]
[BlackElo "1135"]
[WhiteElo "1219"]

1.d4 d5 2.c4 Nf6 3.Nc3 g6 4.g3 Bg7 5.Bg2 e6 6.Nf3 O-O 7.O-O c5 8.e3 Nc6 9.b3 Ne4 10.Bb2
Re8 11.Rb1 Nb4 12.a3 Nc6 13.Qd3 Ng5 14.Nxg5 Qxg5 15.cxd5 exd5 16.Nxd5 cxd4 17.exd4
Bf5 18.Qd1 Bxb1 19.Qxb1 Nxd4 20.Bxd4 Bxd4 21.Nc7 Qe7 22.Nxa8 Rxa8 23.Qe4 Bb2 $4 24.Qxe7
  1-0

[Event "Oberbayerische Jugend-EM 2014/15  U14"]
[Site "Riedenburg"]
[Date "2015.02.21"]
[Round "7"]
[White "Erdösi, Niko"]
[Black "Oelmaier, Manuel"]
[Result "1-0"]
[BlackElo "1058"]
[WhiteElo "1302"]

1.e4 e6 2.d4 d5 3.e5 c5 4.c3 Nc6 5.Nf3 Qb6 6.a3 c4 7.Be2 Nge7 8.Nbd2 Nf5 9.g3 Be7
10.Bf1 O-O 11.Bg2 Bd7 12.O-O Rfe8 13.Ne1 f6 14.exf6 Bxf6 15.Nc2 Re7 16.Re1 Be8 17.Ne3
Nxe3 18.Rxe3 Bf7 19.Nf1 Rae8 20.Re1 e5 21.dxe5 Rxe5 22.Ne3 R8e7 23.Rf1 Rd7 24.Nxc4
dxc4 25.Qxd7 Qxf2+ 26.Rxf2 Re1+ 27.Rf1 Rxf1+ 28.Kxf1 Bxc3 29.Qc8+ Be8 30.Qxe8#  
1-0